Lineamientos para la adopción estándar de sostenibilidad de la mesa redonda de aceite de palma sostenible -RSPO- en Colombia (Registro nro. 19178)

Detalles MARC
000 -CABECERA
Campo de control 01460nam a22003257a 4500
005 - FECHA Y HORA DE LA ULTIMA TRANSACCION
Campo de control 20161215120411.0
008 - ELEMENTOS DE LONGITUD FIJA—INFORMACION GENERAL
Campo de control 161215b xxu||||| |||| 00| 0 spa d
020 ## - ISBN
ISBN 9789588616858
040 ## - FUENTE DE CATALOGACIÓN
Agencia catalogadora original CO-BoIAVH
Agencia transcriptora CO-BoIAVH
041 ## - IDIOMA
Código de idioma para texto/pista de sonido o título separado Español
044 ## - PAÍS DE PUBLICACIÓN
País de publicación Colombia
082 ## - NUMERO DE CLASIFICACION DECIMAL DEWEY
Número de clasificación 641.33851
Número del ítem E77l
100 1# - ASIENTO PRINCIPAL--NOMBRE PERSONAL
Nombre personal Espinosa, Juan Carlos
Término relacionado autor
9 (RLIN) 5800
245 10 - MENCION DE TITULO
Título Lineamientos para la adopción estándar de sostenibilidad de la mesa redonda de aceite de palma sostenible -RSPO- en Colombia
Mención de responsabilidad Juan Carlos Espinosa Camacho [y otros 6]
260 ## - PUBLICACION, DISTRIBUCION, ETC. (PIE DE IMPRENTA)
Lugar de publicación, distribución, etc. Bogotá:
Nombre del editor, distribuidor, etc. Proyecto GEF :
-- Paisaje palmero biodiverso :
-- Fedepalma :
-- Cenipalma :
-- World Wildlife WWF:
-- Instituto de Investigación de Recursos Biológicos Alexander von Humboldt :
-- Enlaza,
Fecha de publicación, distribución, etc. 2016.
300 ## - DESCRIPCION FISICA
Extensión 158 paginas :
Otros detalles físicos ilustraciones ;
Dimensiones 24 x 17 cm.
500 ## - NOTA GENERAL
Nota general Incluye anexos.
504 ## - NOTA DE BIBLIOGRAFIA, ETC.
Nota de bibliografía Incluye referencias bibliográficas: paginas 155-158.
650 16 - ASIENTO SECUNDARIO DE MATERIA - TERMINO TEMATICO
Término temático o nombre geográfico como elemento de entrada Palma de aceite
Subdivisión general Uso sostenible
Subdivisión geográfica Colombia
Subdivisión de forma estandar
9 (RLIN) 77879
650 24 - ASIENTO SECUNDARIO DE MATERIA - TERMINO TEMATICO
Término temático o nombre geográfico como elemento de entrada Proceso productivo
9 (RLIN) 77880
650 24 - ASIENTO SECUNDARIO DE MATERIA - TERMINO TEMATICO
Término temático o nombre geográfico como elemento de entrada Impacto ambiental
Subdivisión geográfica Colombia
9 (RLIN) 77881
650 24 - ASIENTO SECUNDARIO DE MATERIA - TERMINO TEMATICO
Término temático o nombre geográfico como elemento de entrada Manejo nutricional
9 (RLIN) 77882
700 1# - ASIENTO SECUNDARIO - NOMBRE PERSONAL
Nombre personal Martinez Cardenas, Myriam Carolina
Término de relación Autora
9 (RLIN) 77871
700 1# - ASIENTO SECUNDARIO - NOMBRE PERSONAL
Nombre personal Oberlaender Rojas, Juana
Término de relación Autora
9 (RLIN) 77872
700 1# - ASIENTO SECUNDARIO - NOMBRE PERSONAL
Nombre personal Sanin, Maria Clara
Término de relación Autora
9 (RLIN) 77875
700 1# - ASIENTO SECUNDARIO - NOMBRE PERSONAL
Nombre personal Peñaloza Torres, Leiber
Término de relación Autor
9 (RLIN) 77876
700 1# - ASIENTO SECUNDARIO - NOMBRE PERSONAL
Nombre personal Ortiz Bahamon, Javier Dario
Término de relación Autor
9 (RLIN) 77877
700 ## - ASIENTO SECUNDARIO - NOMBRE PERSONAL
Nombre personal Lozano Luque, Monica
Término de relación Autor
9 (RLIN) 77878
942 ## - ELEMENTOS ADICIONALES (KOHA)
Sistema de clasificación Dewey Decimal Classification
Tipo de ítem Libro
Existencias
Withdrawn status Lost status Sistema de Clasificación Damaged status No para préstamo Colección Ubicación Permanente Ubicación actual Fecha de adquisición Fuente de Valor Total Checkouts Número topográfico Inventario / Código de Barras Date last seen Ejemplar Price effective from Forma de adquisición Tipo de material
    Dewey Decimal Classification     General Bogotá Bogotá 15/12/2016 Clara Matallana   LB-641.33851 E77l 042347 15/12/2016 Ej. 1 15/12/2016 Donación Libro